000 00444nam a22001811a 4500
001 6249
003 OSt
005 20260204212045.0
008 060320s1980||||ve ||||||b||||||||||spa||
020 _a980293013x
050 _a650.1 W367c
100 _aDiyer, Wayne W.
245 _aEl cielo es el limite / Wayne W. Diyer
264 _aVenezuela : Grijalbo
300 _a416 p
650 _a1.Etica Personal en los NegociosÌ
942 _2ddc
_cBK
999 _c6249
_d6249